Pokémon Platine - Objets Rares - Statistiques

Statistiques générales
  • Ce quiz a été pris 97 fois
  • Le résultat moyen est 11 sur 30
Statistiques - réponses
Objet Rare % Correct
Bicyclette
88%
Carte
84%
Canne
78%
Super Canne
78%
Méga Canne
77%
Cherche VS
55%
Clé Galaxie
52%
Explorakit
52%
Magnéto VS
49%
Boîte Poffin
48%
Poké Radar
39%
Gracidée
32%
Journal
32%
Lettre Chen
30%
Potionsecret
30%
Boîte Jetons
29%
Clé Secrète
29%
Carte Membre
23%
Coffret Mode
23%
Colis
23%
Kwakarrosoir
23%
Boîte Sceaux
20%
Lun'Aile
19%
Registre Ami
19%
Bon 1
16%
Bon 2
16%
Bon 3
16%
Vieux Grigri
16%
Clé Centrale
12%
Clé Chambre
10%
Aucun quiz correspondant
Distribution des résultats
% des personnes avec chaque résultat
Percentile par nombre de réponses
Votre historique - résultats
Vous n’avez pas pris ce quiz